| 000 | 00945nam a2200265Ia 4500 | ||
|---|---|---|---|
| 001 | 21639 | ||
| 005 | 20260320113301.0 | ||
| 008 | 260320s9999||||xx |||||||||||||| ||und|| | ||
| 020 | _a9780393884821 | ||
| 041 | _aING | ||
| 082 |
_a572.8 _bA36 |
||
| 100 |
_aAlberts, Bruce, _eAUT |
||
| 245 | 0 |
_aMolecular biology of the cell _b |
|
| 246 |
_a _5 _b |
||
| 250 | _aSeventh edition | ||
| 260 |
_aNew York : _bW. W. Norton & Company, _c2022 |
||
| 300 |
_axxxviii, 1404 páginas : _bfiguras, graficos, tablas ; _c28 cm. _e |
||
| 440 |
_a _n _v |
||
| 650 | _aTCA | ||
| 653 | _aBiología molecular; La célula; Idioma : Inglés | ||
| 654 | _aCCS | ||
| 700 |
_aHeald, Rebecca; Johnson, Alexander; Morgan, David [y otros tres], _cAUTS |
||
| 856 |
_uhttps://accessmedicina-mhmedical-com.ucsp.lookproxy.com/Book.aspx?bookid=2817 _zVéase además: Biología celular y molecular. Conceptos y experimentos. Versión digital |
||
| 942 |
_cLIB _dJUS _fTRC _2ddc _n |
||
| 999 |
_c21639 _d21639 |
||